[Event "BCF-chT4 2223 (4NCL)"]
[Site "England"]
[Date "2023.03.25"]
[Round "7.126"]
[White "Patel, Diah Dipal"]
[Black "Donaghay, Richard H"]
[Result "0-1"]
[WhiteElo "1186"]
[BlackElo "1803"]
[PlyCount "78"]
[EventDate "2022.11.05"]
[EventType "team-swiss"]
[EventRounds "11"]
[EventCountry "ENG"]
[SourceTitle "EXT 2024"]
[Source "ChessBase"]
[SourceDate "2023.10.10"]
[SourceVersion "1"]
[SourceVersionDate "2023.10.10"]
[SourceQuality "1"]
[WhiteTeam "She Plays To Win Uni"]
[BlackTeam "Iceni II"]
[WhiteTeamCountry "ENG"]
[BlackTeamCountry "ENG"]

1. e4 g6 2. d4 Bg7 3. Nf3 d6 4. Nc3 Nf6 5. Bd3 Nbd7 6. Be3 c6 7. 0-0 e5 8. dxe5 Nxe5 9. Nxe5 dxe5 10. f4 Ng4 11. Qf3 Nxe3 12. Qxe3 Bh6 13. Qc5 Qd4+ 14. Qxd4 exd4 15. Ne2 c5 16. c3 dxc3 17. Nxc3 Bg7 18. Nd5 Bd4+ 19. Kh1 0-0 20. Ne7+ Kg7 21. Nxc8 Raxc8 22. Rab1 c4 23. Be2 b5 24. Rfd1 Rfd8 25. Rd2 Be3 26. Rxd8 Rxd8 27. f5 Rd2 28. Bf3 Bd4 29. b3 c3 30. Rc1 c2 31. h3 Bb2 32. Rf1 c1Q 33. Rxc1 Bxc1 34. fxg6 hxg6 35. a4 b4 36. h4 Rb2 37. Bd1 Bf4 38. Bf3 Rb1+ 39. Bd1 Rxd1# 0-1

[Event "BCF-chT4 2223 (4NCL)"]
[Site "England"]
[Date "2023.01.07"]
[Round "3.121"]
[White "Donaghay, Richard H"]
[Black "Ajimal, Jet"]
[Result "1/2-1/2"]
[WhiteElo "1803"]
[BlackElo "1655"]
[PlyCount "75"]
[EventDate "2022.11.05"]
[EventType "team-swiss"]
[EventRounds "11"]
[EventCountry "ENG"]
[SourceTitle "EXT 2024"]
[Source "ChessBase"]
[SourceDate "2023.10.10"]
[SourceVersion "1"]
[SourceVersionDate "2023.10.10"]
[SourceQuality "1"]
[WhiteTeam "Iceni III"]
[BlackTeam "Deaf England"]
[WhiteTeamCountry "ENG"]
[BlackTeamCountry "ENG"]

1. e4 c5 2. Nc3 Nc6 3. g3 e6 4. Bg2 Nf6 5. f4 d5 6. e5 Nd7 7. Nf3 Be7 8. 0-0 0-0 9. Kh1 a6 10. a4 Rb8 11. Qe2 f6 12. exf6 Nxf6 13. b3 Qc7 14. Bb2 Bd6 15. Nd1 Bd7 16. Nf2 Rbe8 17. Rac1 Re7 18. Ne5 Bc8 19. c3 Bxe5 20. fxe5 Nd7 21. d4 Ref7 22. Qg4 Nd8 23. Nd3 Rxf1+ 24. Rxf1 Rxf1+ 25. Bxf1 cxd4 26. Qxd4 Nc6 27. Qf4 Nf8 28. c4 Ng6 29. Qe3 dxc4 30. bxc4 Na5 31. Nc5 b6 32. Ne4 Bb7 33. Kg1 Nc6 34. Nd6 Na5 35. Bh3 Nf8 36. Nxb7 Qxb7 37. Qd4 Qc6 38. Bf1 1/2-1/2

[Event "BCF-chT4 2223 (4NCL)"]
[Site "England"]
[Date "2022.11.06"]
[Round "2.54"]
[White "Donaghay, Richard H"]
[Black "Clancy, Martin J"]
[Result "1/2-1/2"]
[WhiteElo "1803"]
[BlackElo "1812"]
[PlyCount "42"]
[EventDate "2022.11.05"]
[EventType "team-swiss"]
[EventRounds "11"]
[EventCountry "ENG"]
[SourceTitle "EXT 2024"]
[Source "ChessBase"]
[SourceDate "2023.10.10"]
[SourceVersion "1"]
[SourceVersionDate "2023.10.10"]
[SourceQuality "1"]
[WhiteTeam "Iceni II"]
[BlackTeam "Poole Patzers"]
[WhiteTeamCountry "ENG"]
[BlackTeamCountry "ENG"]

1. e4 c5 2. Nc3 Nc6 3. g3 g6 4. Bg2 Bg7 5. d3 d6 6. Nge2 e6 7. 0-0 Nge7 8. Bg5 h6 9. Be3 Qb6 10. Qd2 Nd4 11. Nd1 d5 12. c3 Nxe2+ 13. Qxe2 d4 14. cxd4 cxd4 15. Bd2 0-0 16. f4 Bd7 17. Nf2 Rac8 18. b3 Rc2 19. Rfc1 Rfc8 20. Rxc2 Rxc2 21. Qd1 Qc7 1/2-1/2

[Event "BCF-chT4S 1819 (4NCL)"]
[Site "England"]
[Date "2019.05.04"]
[Round "9.122"]
[White "Cole, Graham"]
[Black "Donaghay, Richard H"]
[Result "1-0"]
[WhiteElo "1794"]
[BlackElo "1803"]
[PlyCount "33"]
[EventDate "2018.11.17"]
[EventType "team-swiss"]
[EventRounds "11"]
[EventCountry "ENG"]
[SourceTitle "EXT 2021"]
[Source "ChessBase"]
[SourceDate "2020.10.23"]
[SourceVersion "1"]
[SourceVersionDate "2020.10.23"]
[SourceQuality "1"]
[WhiteTeam "Oxford IV"]
[BlackTeam "Iceni III"]
[WhiteTeamCountry "ENG"]
[BlackTeamCountry "ENG"]

1. e4 d5 2. exd5 Nf6 3. d4 Nxd5 4. c4 Nb6 5. Nf3 Bf5 6. Nc3 e6 7. Be3 Be7 8. Bd3 Bxd3 9. Qxd3 N8d7 10. 0-0 0-0 11. Rad1 c5 12. d5 exd5 13. Nxd5 Nxd5 14. Qxd5 Nf6 15. Qxb7 Qe8 16. Rfe1 Qb8 17. Qxe7 1-0

[Event "BCF-chT3Sb 1819 (4NCL)"]
[Site "England"]
[Date "2019.02.09"]
[Round "5.86"]
[White "Donaghay, Richard H"]
[Black "Voiculescu Holvad, Stephane"]
[Result "1/2-1/2"]
[WhiteElo "1814"]
[BlackElo "1607"]
[PlyCount "39"]
[EventDate "2018.11.17"]
[EventType "team-tourn"]
[EventRounds "7"]
[EventCountry "ENG"]
[SourceTitle "EXT 2021"]
[Source "ChessBase"]
[SourceDate "2020.10.23"]
[SourceVersion "1"]
[SourceVersionDate "2020.10.23"]
[SourceQuality "1"]
[WhiteTeam "Iceni II"]
[BlackTeam "Surbiton"]
[WhiteTeamCountry "ENG"]
[BlackTeamCountry "ENG"]

1. e4 e6 2. d3 d5 3. Nd2 c5 4. g3 Nc6 5. Bg2 Nf6 6. f4 Be7 7. Ngf3 b5 8. 0-0 Qb6 9. Ne5 Bb7 10. Nxc6 Bxc6 11. e5 Nd7 12. Nf3 d4 13. c3 Rc8 14. Bd2 0-0 15. cxd4 cxd4 16. b4 Bd5 17. a4 a6 18. a5 Qa7 19. Rc1 Nb8 20. Qe2 1/2-1/2

[Event "BCF-ch Seniors 65"]
[Site "Hull"]
[Date "2018.08.03"]
[Round "6"]
[White "Burnett, Jim"]
[Black "Donaghay, Richard H"]
[Result "1-0"]
[WhiteElo "2088"]
[BlackElo "1856"]
[PlyCount "137"]
[EventDate "2018.07.29"]
[EventType "swiss"]
[EventRounds "7"]
[EventCountry "ENG"]
[SourceTitle "EXT 2021"]
[Source "ChessBase"]
[SourceDate "2020.10.23"]
[SourceVersion "1"]
[SourceVersionDate "2020.10.23"]
[SourceQuality "1"]

1. d4 Nf6 2. c4 e5 3. dxe5 Ng4 4. e3 Nxe5 5. Nh3 Bb4+ 6. Bd2 Qe7 7. Nf4 Na6 8. Be2 Bxd2+ 9. Qxd2 c6 10. Nc3 Nc7 11. 0-0 0-0 12. Rad1 Rd8 13. e4 d6 14. b3 Bg4 15. f3 Be6 16. Nxe6 fxe6 17. f4 Nf7 18. Bf3 e5 19. f5 Qf6 20. Bh5 Rd7 21. Bxf7+ Kxf7 22. Rf3 Rad8 23. Qf2 d5 24. cxd5 cxd5 25. exd5 Nxd5 26. Ne4 Qb6 27. Qxb6 Nxb6 28. Rdf1 Nd5 29. Nc5 Re7 30. Re1 Nf4 31. g3 Nh3+ 32. Kg2 Ng5 33. Rfe3 Rd2+ 34. R1e2 Rxe2+ 35. Rxe2 b6 36. h4 bxc5 37. hxg5 h6 38. gxh6 gxh6 39. Kf3 Kf6 40. g4 h5 41. gxh5 Kxf5 42. h6 Rh7 43. Rh2 a5 44. Rh5+ Kg6 45. Rxe5 Rc7 46. Re4 Kxh6 47. Ra4 Kg6 48. Ke4 Kf6 49. Kd5 Ke7 50. Rxa5 c4 51. bxc4 Kd7 52. Ra8 Rb7 53. Rh8 Rb2 54. Rh7+ Kd8 55. Kc6 Rxa2 56. Rh8+ Ke7 57. c5 Rc2 58. Rc8 Rc1 59. Kb7 Rb1+ 60. Kc7 Rc1 61. c6 Rc2 62. Rb8 Rc1 63. Rb2 Re1 64. Rd2 Ke8 65. Kc8 Re6 66. c7 Rc6 67. Rb2 Rc4 68. Kb7 Kd7 69. Rd2+ 1-0

[Event "BCF-ch Seniors 65"]
[Site "Hull"]
[Date "2018.08.02"]
[Round "5"]
[White "Donaghay, Richard H"]
[Black "Illingworth, John B"]
[Result "1-0"]
[WhiteElo "1856"]
[BlackElo "1631"]
[PlyCount "59"]
[EventDate "2018.07.29"]
[EventType "swiss"]
[EventRounds "7"]
[EventCountry "ENG"]
[SourceTitle "CBM 185 Extra"]
[Source "ChessBase"]
[SourceDate "2018.07.29"]
[SourceVersion "1"]
[SourceVersionDate "2018.07.29"]
[SourceQuality "1"]

1. e4 e5 2. Nc3 Bc5 3. Bc4 Nf6 4. d3 c6 5. Be3 Be7 6. Qf3 d6 7. h3 a5 8. a3 Na6 9. Nge2 b5 10. Ba2 Nc7 11. d4 0-0 12. 0-0 Nd7 13. Ng3 exd4 14. Bxd4 Bf6 15. Rad1 Be5 16. Nf5 Qf6 17. Ne2 Ne6 18. Bxe5 dxe5 19. Rd6 c5 20. Rfd1 Ra7 21. Nc3 g6 22. Nd5 Qg5 23. h4 Qd8 24. Nfe7+ Kg7 25. Nc6 Qxh4 26. Nxa7 Ng5 27. Qe3 Nxe4 28. Nxc8 Rxc8 29. Rxd7 Qg4 30. Nc3 1-0

[Event "BCF-ch Seniors 65"]
[Site "Llandudno"]
[Date "2017.08.01"]
[Round "3"]
[White "Cresswell, Mike J"]
[Black "Donaghay, Richard H"]
[Result "1/2-1/2"]
[WhiteElo "1698"]
[BlackElo "1856"]
[PlyCount "35"]
[EventDate "2017.07.30"]
[EventType "swiss"]
[EventRounds "7"]
[EventCountry "WLS"]
[SourceTitle "CBM 179 Extra"]
[Source "ChessBase"]
[SourceDate "2017.08.23"]
[SourceVersion "1"]
[SourceVersionDate "2017.08.23"]
[SourceQuality "1"]

1. e4 g6 2. d4 Bg7 3. f4 d6 4. Nf3 Bg4 5. Be2 Nd7 6. c3 c5 7. Be3 Ngf6 8. Nbd2 Qc7 9. 0-0 0-0 10. Ng5 Bxe2 11. Qxe2 h6 12. Nh3 h5 13. Nf2 e6 14. Nf3 Qc6 15. Qd3 c4 16. Qc2 d5 17. e5 Ne8 18. Ng5 1/2-1/2

[Event "BCF-ch Seniors 65"]
[Site "Llandudno"]
[Date "2017.07.30"]
[Round "1"]
[White "Barton, R Alan"]
[Black "Donaghay, Richard H"]
[Result "1-0"]
[WhiteElo "2043"]
[BlackElo "1856"]
[PlyCount "91"]
[EventDate "2017.07.30"]
[EventType "swiss"]
[EventRounds "7"]
[EventCountry "WLS"]
[SourceTitle "CBM 179 Extra"]
[Source "ChessBase"]
[SourceDate "2017.08.23"]
[SourceVersion "1"]
[SourceVersionDate "2017.08.23"]
[SourceQuality "1"]

1. Nf3 d6 2. d4 Bg4 3. e4 Nd7 4. c3 e5 5. Bc4 Qf6 6. Nbd2 Nb6 7. Be2 Ne7 8. h3 Bxf3 9. Nxf3 Ng6 10. Bb5+ c6 11. d5 Ne7 12. dxc6 Nxc6 13. 0-0 Be7 14. a4 a6 15. Bd3 0-0 16. a5 Nd7 17. Bc4 Qg6 18. Bd5 Kh8 19. Be3 f5 20. exf5 Qxf5 21. Qb3 e4 22. Nd4 Nc5 23. Nxf5 Nxb3 24. Nxe7 Nxa1 25. Bxc6 Nb3 26. Bxb7 Rab8 27. Bd5 Nxa5 28. b4 Rfe8 29. bxa5 Rxe7 30. Bb6 Re5 31. c4 Rc8 32. Re1 h6 33. Kf1 Kh7 34. Rxe4 Rxe4 35. Bxe4+ g6 36. Bd5 Kg7 37. Ke2 Kf6 38. Kd3 Rb8 39. h4 Ke7 40. g4 Kd7 41. f4 Rf8 42. Be3 Kc7 43. Be4 Rf6 44. g5 hxg5 45. hxg5 Re6 46. Bd4 1-0

[Event "BCF-chT4S 1617 (4NCL)"]
[Site "England"]
[Date "2017.03.18"]
[Round "7.201"]
[White "Farr, Peter G"]
[Black "Donaghay, Richard H"]
[Result "1-0"]
[WhiteElo "2117"]
[BlackElo "1857"]
[PlyCount "77"]
[EventDate "2016.11.26"]
[EventType "team-swiss"]
[EventRounds "11"]
[EventCountry "ENG"]
[SourceTitle "EXT 2019"]
[Source "ChessBase"]
[SourceDate "2018.10.10"]
[SourceVersion "1"]
[SourceVersionDate "2018.10.10"]
[SourceQuality "1"]
[WhiteTeam "Kent KJCA Kestrels"]
[BlackTeam "Iceni II"]
[WhiteTeamCountry "ENG"]
[BlackTeamCountry "ENG"]

1. c4 d6 2. Nc3 Nf6 3. g3 c6 4. Bg2 g6 5. e4 Bg7 6. Nge2 e5 7. 0-0 Be6 8. d3 Qd7 9. f4 Bh3 10. f5 Bxg2 11. Kxg2 Na6 12. Bg5 0-0-0 13. a3 Ng4 14. Ng1 h5 15. h3 f6 16. Bd2 Nh6 17. fxg6 Ng8 18. Nf3 Ne7 19. Nh4 Nc5 20. Be3 Ne6 21. Bxa7 Qe8 22. Bb6 Nxg6 23. Nf5 Rd7 24. Qa4 Nc7 25. b4 h4 26. b5 Ne7 27. bxc6 Nxc6 28. Nb5 Qg6 29. Bxc7 Rxc7 30. Nbxd6+ Kd7 31. g4 Bf8 32. c5 Qg5 33. Rf2 Bxd6 34. cxd6 Rcc8 35. Rb1 Rb8 36. Rb6 Qc1 37. Rc2 Qd1 38. Rbxc6 bxc6 39. Qa7+ 1-0

[Event "BCF-chT4 1516 (4NCL)"]
[Site "England"]
[Date "2016.05.01"]
[Round "10.99"]
[White "Donaghay, Richard H"]
[Black "Botham, Christopher Paul"]
[Result "1/2-1/2"]
[WhiteElo "1937"]
[BlackElo "1989"]
[PlyCount "49"]
[EventDate "2015.11.14"]
[EventType "team-swiss"]
[EventRounds "11"]
[EventCountry "ENG"]
[SourceTitle "EXT 2017"]
[Source "ChessBase"]
[SourceDate "2016.10.25"]
[SourceVersion "1"]
[SourceVersionDate "2016.10.25"]
[SourceQuality "1"]
[WhiteTeam "Iceni II"]
[BlackTeam "Iceni"]
[WhiteTeamCountry "ENG"]
[BlackTeamCountry "ENG"]

1. e4 Nf6 2. Nc3 d6 3. f4 e5 4. d3 Be7 5. Nf3 Bg4 6. Be2 Nbd7 7. Be3 c6 8. h3 Bxf3 9. Bxf3 Qa5 10. Qd2 exf4 11. Bxf4 Ne5 12. Be2 0-0 13. 0-0-0 Ng6 14. Bg3 Nh5 15. Bf2 Ng3 16. Rhe1 Bg5 17. Be3 Bxe3 18. Qxe3 Nxe2+ 19. Rxe2 Rfe8 20. Kb1 d5 21. Qd4 dxe4 22. Nxe4 Rad8 23. Qc4 Re7 24. Rf2 Qd5 25. Qxd5 1/2-1/2

[Event "BCF-ch Seniors 65"]
[Site "Coventry"]
[Date "2015.08.01"]
[Round "6"]
[White "Donaghay, Richard H"]
[Black "Tidmarsh, David A"]
[Result "1/2-1/2"]
[WhiteElo "1944"]
[BlackElo "1837"]
[PlyCount "51"]
[EventDate "2015.07.27"]
[EventType "swiss"]
[EventRounds "6"]
[EventCountry "ENG"]
[SourceTitle "CBM 167 Extra"]
[Source "ChessBase"]
[SourceDate "2015.09.14"]
[SourceVersion "1"]
[SourceVersionDate "2015.09.14"]
[SourceQuality "1"]

1. e4 d5 2. exd5 Qxd5 3. Nc3 Qa5 4. Nf3 Nf6 5. d4 c6 6. Bd2 Bf5 7. Bc4 e6 8. 0-0 Qc7 9. Qe2 Be7 10. Ne5 0-0 11. Bf4 Bd6 12. Nd1 Nbd7 13. Bg3 Rae8 14. f4 a6 15. Ne3 Bg6 16. Bh4 b5 17. Bb3 c5 18. dxc5 Bxc5 19. Nxg6 hxg6 20. Kh1 Be7 21. a4 Rb8 22. Bg3 Ne4 23. axb5 Nxg3+ 24. hxg3 axb5 25. Ra2 Nc5 26. Rf3 1/2-1/2

[Event "BCF-chT3 1415 (4NCL)"]
[Site "England"]
[Date "2015.05.04"]
[Round "11.9"]
[White "Donaghay, Richard H"]
[Black "Dean, Robert A"]
[Result "1-0"]
[WhiteElo "1934"]
[BlackElo "1854"]
[PlyCount "47"]
[EventDate "2015.03.21"]
[EventType "team-swiss"]
[EventRounds "11"]
[EventCountry "ENG"]
[SourceTitle "EXT 2016"]
[Source "ChessBase"]
[SourceDate "2015.10.08"]
[SourceVersion "1"]
[SourceVersionDate "2015.10.08"]
[SourceQuality "1"]
[WhiteTeam "Iceni II"]
[BlackTeam "Bradford DCA Knights III"]
[WhiteTeamCountry "ENG"]
[BlackTeamCountry "ENG"]

1. e4 e6 2. Qe2 Nf6 3. g3 d5 4. e5 Nfd7 5. Bg2 c5 6. f4 Nc6 7. Nf3 Be7 8. 0-0 Qc7 9. c3 b6 10. d4 cxd4 11. Nxd4 Bc5 12. Be3 Bxd4 13. cxd4 Bb7 14. Nc3 a6 15. f5 Ne7 16. Rac1 Qb8 17. fxe6 fxe6 18. Qg4 Nf5 19. Rxf5 exf5 20. Qxg7 Rf8 21. e6 Nf6 22. Bh6 Qd6 23. Qxb7 Rb8 24. Bxf8 1-0

[Event "BCF-chT3S 1415 (4NCL)"]
[Site "England"]
[Date "2015.01.11"]
[Round "4.166"]
[White "Price, Andrew"]
[Black "Donaghay, Richard H"]
[Result "1/2-1/2"]
[WhiteElo "1830"]
[BlackElo "1974"]
[PlyCount "44"]
[EventDate "2014.11.15"]
[EventType "team-swiss"]
[EventRounds "6"]
[EventCountry "ENG"]
[SourceTitle "EXT 2016"]
[Source "ChessBase"]
[SourceDate "2015.10.08"]
[SourceVersion "1"]
[SourceVersionDate "2015.10.08"]
[SourceQuality "1"]
[WhiteTeam "Banbury Bulldogs"]
[BlackTeam "Iceni II"]
[WhiteTeamCountry "ENG"]
[BlackTeamCountry "ENG"]

1. d4 d6 2. Nf3 Bg4 3. e4 Nd7 4. h3 Bxf3 5. Qxf3 e5 6. Be3 g6 7. Nc3 Qf6 8. 0-0-0 Qxf3 9. gxf3 0-0-0 10. Bc4 Nh6 11. Kb1 Bg7 12. f4 Nb6 13. Bb3 exd4 14. Bxd4 Bxd4 15. Rxd4 c5 16. Rd2 c4 17. Ba4 Nxa4 18. Nxa4 f5 19. Nc3 fxe4 20. Nxe4 d5 21. Nc3 d4 22. Nb5 Rhf8 1/2-1/2

[Event "BCF-chT3S 1415 (4NCL)"]
[Site "England"]
[Date "2015.01.10"]
[Round "3.146"]
[White "Donaghay, Richard H"]
[Black "Brozel, Sacha"]
[Result "0-1"]
[WhiteElo "1974"]
[BlackElo "1863"]
[PlyCount "89"]
[EventDate "2014.11.15"]
[EventType "team-swiss"]
[EventRounds "6"]
[EventCountry "ENG"]
[SourceTitle "EXT 2016"]
[Source "ChessBase"]
[SourceDate "2015.10.08"]
[SourceVersion "1"]
[SourceVersionDate "2015.10.08"]
[SourceQuality "1"]
[WhiteTeam "Iceni II"]
[BlackTeam "Barnet Knights"]
[WhiteTeamCountry "ENG"]
[BlackTeamCountry "ENG"]

1. e4 c5 2. Nc3 e6 3. Qe2 Nc6 4. Nf3 d6 5. d3 Nf6 6. g3 Be7 7. Bg2 Nd4 8. Nxd4 cxd4 9. Nd1 0-0 10. 0-0 Ne8 11. f4 Nc7 12. c3 Bf6 13. c4 a5 14. Nf2 Be7 15. b3 f5 16. Bb2 Bf6 17. Ba3 Re8 18. Rae1 Rb8 19. g4 g6 20. gxf5 exf5 21. Qd2 Ne6 22. exf5 gxf5 23. Bd5 Kh8 24. Nh3 h6 25. Re2 Nc7 26. Rxe8+ Nxe8 27. Qg2 Bg7 28. Re1 Nf6 29. Qg6 Bd7 30. Be6 Qe7 31. Qxf5 Re8 32. Qg6 Bxe6 33. f5 Bxf5 34. Rxe7 Bxg6 35. Nf4 Bf5 36. Bxd6 Rxe7 37. Bxe7 Nd7 38. Bd8 b6 39. Kf1 Be5 40. Nd5 Bxd3+ 41. Ke1 Bb1 42. Nxb6 Nxb6 43. Bxb6 Bxa2 44. c5 Bxb3 45. Bxa5 0-1

[Event "BCF-ch Seniors"]
[Site "Aberystwyth"]
[Date "2014.08.01"]
[Round "7"]
[White "Donaghay, Richard H"]
[Black "Kelly, Ian G"]
[Result "0-1"]
[WhiteElo "1956"]
[BlackElo "2059"]
[PlyCount "104"]
[EventDate "2014.07.26"]
[EventType "swiss"]
[EventRounds "7"]
[EventCountry "WLS"]
[SourceTitle "EXT 2017"]
[Source "ChessBase"]
[SourceDate "2016.10.25"]
[SourceVersion "1"]
[SourceVersionDate "2016.10.25"]
[SourceQuality "1"]

1. e4 d6 2. d4 Nf6 3. f3 g6 4. c4 Bg7 5. Nc3 0-0 6. Be3 Nbd7 7. d5 c5 8. Nh3 Ne5 9. Nf2 e6 10. f4 Neg4 11. Nxg4 Nxg4 12. Qxg4 exd5 13. Qd1 d4 14. Nd5 dxe3 15. Qc2 Qa5+ 16. Ke2 Bg4+ 17. Kxe3 Bd4+ 18. Kd3 f5 19. Qd2 fxe4+ 20. Kc2 Qxd2+ 21. Kxd2 e3+ 22. Kd3 Rae8 23. Re1 Bf5+ 24. Ke2 Bxb2 25. h3 Bd4 26. g3 Be4 27. Rh2 Bxd5 28. cxd5 b5 29. h4 Rb8 30. Bh3 Kg7 31. Be6 a5 32. h5 h6 33. hxg6 Kxg6 34. Rh4 Rf6 35. Reh1 Kg7 36. f5 Rh8 37. g4 Rff8 38. Rh5 b4 39. Kd3 a4 40. Kc4 Rb8 41. Rb1 Bc3 42. Kd3 Bd2 43. g5 c4+ 44. Ke2 hxg5 45. Rxg5+ Kf6 46. Rg6+ Ke5 47. f6 Rh2+ 48. Kf3 Rf2+ 49. Kg3 Rxf6 50. Rg4 e2 51. Rxc4 e1Q+ 52. Rxe1+ Bxe1+ 0-1

[Event "BCF-ch Seniors"]
[Site "Aberystwyth"]
[Date "2014.07.29"]
[Round "4"]
[White "James, David"]
[Black "Donaghay, Richard H"]
[Result "0-1"]
[WhiteElo "2184"]
[BlackElo "1956"]
[PlyCount "116"]
[EventDate "2014.07.26"]
[EventType "swiss"]
[EventRounds "7"]
[EventCountry "WLS"]
[SourceTitle "EXT 2017"]
[Source "ChessBase"]
[SourceDate "2016.10.25"]
[SourceVersion "1"]
[SourceVersionDate "2016.10.25"]
[SourceQuality "1"]

1. Nf3 d6 2. d4 Bg4 3. c4 Nf6 4. Nc3 Nbd7 5. e4 c5 6. d5 Ne5 7. Be2 Nxf3+ 8. Bxf3 Qd7 9. 0-0 g6 10. Bxg4 Nxg4 11. h3 Ne5 12. Qe2 f6 13. f4 Nf7 14. a3 Bg7 15. b4 f5 16. Bb2 0-0 17. bxc5 Rac8 18. Nb5 Bxb2 19. Qxb2 Rxc5 20. e5 e6 21. Rfe1 Rxc4 22. Qb3 Rc5 23. dxe6 Qxb5 24. exf7+ Rxf7 25. Qe6 dxe5 26. Rad1 Qc6 27. Rd6 Qc8 28. Qb3 e4 29. Kh2 Kg7 30. Qb2+ Kh6 31. Qf2 b6 32. Qh4+ Kg7 33. Qf2 Rc2 34. Qd4+ Kh6 35. Rf6 Rd7 36. Rd6 Rxd6 37. Qxd6 Qc7 38. Qf8+ Qg7 39. Qd8 Qc7 40. Qh4+ Kg7 41. Rd1 Rc6 42. Qf2 Re6 43. Qe3 Re7 44. Rc1 Qd6 45. Rc3 Rc7 46. g4 Rd7 47. gxf5 Qd2+ 48. Qxd2 Rxd2+ 49. Kg1 gxf5 50. Rc7+ Kg6 51. Rxa7 h6 52. Ra6 Rb2 53. a4 Kh5 54. a5 Ra2 55. Rxb6 Rxa5 56. Kh2 Ra2+ 57. Kg3 Ra3+ 58. Kg2 Rf3 0-1

[Event "BCF-ch Seniors"]
[Site "Aberystwyth"]
[Date "2014.07.26"]
[Round "1"]
[White "Bellers, Chris J"]
[Black "Donaghay, Richard H"]
[Result "1-0"]
[WhiteElo "2138"]
[BlackElo "1956"]
[PlyCount "105"]
[EventDate "2014.07.26"]
[EventType "swiss"]
[EventRounds "7"]
[EventCountry "WLS"]
[SourceTitle "EXT 2017"]
[Source "ChessBase"]
[SourceDate "2016.10.25"]
[SourceVersion "1"]
[SourceVersionDate "2016.10.25"]
[SourceQuality "1"]

1. c4 e5 2. g3 g6 3. Bg2 Bg7 4. Nc3 d6 5. e4 Be6 6. d3 Nc6 7. Nge2 Qd7 8. Nd5 Nce7 9. f4 c6 10. Ne3 f5 11. exf5 gxf5 12. 0-0 Nf6 13. Nc3 h5 14. d4 exd4 15. Qxd4 h4 16. Bf3 hxg3 17. hxg3 Rh3 18. Ne2 Bf7 19. Kg2 Rh2+ 20. Kg1 Rxe2 21. Bxe2 Nh5 22. Qd3 Nxg3 23. Rf2 Nxe2+ 24. Qxe2 0-0-0 25. Ng2 d5 26. Be3 d4 27. Bd2 d3 28. Qf3 Bxc4 29. Re1 Bd4 30. Be3 Bxe3 31. Qxe3 Nd5 32. Qxa7 Ba6 33. Qd4 Kc7 34. Qe5+ Kc8 35. Nh4 Rg8+ 36. Kh2 Nc7 37. Qxf5 Rh8 38. Qxd7+ Kxd7 39. Kg3 Ne6 40. f5 Nd4 41. Ng6 Rg8 42. Kg4 Ne2 43. Rd1 Ke8 44. Kg5 Kf7 45. Rh2 Nd4 46. Rh7+ Rg7 47. Rxg7+ Kxg7 48. Ne5 c5 49. Nxd3 b6 50. f6+ Kf8 51. Ne5 Be2 52. Rh1 b5 53. Rh8# 1-0

[Event "BCF-ch Senior"]
[Site "Torquay"]
[Date "2013.08.06"]
[Round "4.78"]
[White "Donaghay, Richard H"]
[Black "Phillips, William"]
[Result "1/2-1/2"]
[WhiteElo "1963"]
[BlackElo "1932"]
[PlyCount "87"]
[EventDate "2013.08.03"]
[EventType "swiss"]
[EventRounds "7"]
[EventCountry "ENG"]
[SourceTitle "EXT 2023"]
[Source "ChessBase"]
[SourceDate "2022.10.05"]
[SourceVersion "1"]
[SourceVersionDate "2022.10.05"]
[SourceQuality "1"]

1. e4 e5 2. Nc3 Nc6 3. g3 g6 4. Bg2 Bg7 5. d3 d6 6. Nge2 Be6 7. Nd5 Nce7 8. Ne3 c6 9. c3 Nf6 10. d4 0-0 11. 0-0 d5 12. dxe5 Nxe4 13. f4 Nf5 14. Nd4 Nxd4 15. cxd4 f5 16. Qc2 h5 17. Bd2 Qb6 18. a3 Qxd4 19. Rad1 Nxd2 20. Qxd2 Qxd2 21. Rxd2 Rfd8 22. Rfd1 Bf8 23. b4 a5 24. Nc2 axb4 25. axb4 Kf7 26. b5 Ra4 27. Kf1 Bc5 28. bxc6 bxc6 29. Nd4 Bxd4 30. Rxd4 Rxd4 31. Rxd4 c5 32. Ra4 d4 33. Ra7+ Rd7 34. Rxd7+ Bxd7 35. Bd5+ Ke7 36. Bc4 h4 37. gxh4 Bc8 38. Ke1 Be6 39. Bxe6 Kxe6 40. Kd2 Kd5 41. Ke2 c4 42. Kd1 c3 43. Kc2 Kc5 44. Kd3 1/2-1/2